000 01021nam a2200277 i 4500
003 DO-SdBNP
005 20240305073656.0
007 ta
008 110413s1988 dr ado 000 0 spa d
040 _aDO-SdBNP
_bspa
_cBNPHU
_erda
082 _axxxxx
_bM358c
_222
100 1 _aMarranzini, Nelson
_912719
245 1 0 _aConozca un poco mas sobre factoring :
_bal servicio de la pequeña empresa /
_cNelson Marranzini ; presentación Guillermo Armenteros Estrems
264 1 _aSanto Domingo :
_bGrupo financiero Miramar,
_bFacturinsa,
_c1988.
300 _a36 páginas
_bilustraciones, gráficos, fotografías
_c21 cm.
336 _2rdacontent
_atexto
_btxt
337 _2rdamedia
_asin mediación
_bn
338 _2rdacarrier
_avolumen
_bnc
590 _aInventariado, 2023/ YL
650 4 _aReflexión
_xFilosofía
_983873
650 4 _aPsicología del aprendizaje
_92721
650 4 _aValores
_xFilosofía
_983874
700 1 _aSilié, Rubén,
_d1946-
_epresentación
_91421
910 _aYLockward
942 _2ddc
_cLF2
999 _c54651
_d54651